Lord of the Rings Men - Sudden Death - Statistics

General Stats
  • This quiz has been taken 77 times
  • The average score is 9 of 18
Answers on the Grid
Answers color-coded by a green-red scale on the quiz's grid according to % correct below.
Aragorn
Faramir
Boromir
Theoden
Denethor
Eomer
Gamling
Erkenbrand
Turin
Beor
Beregond
Brandir
Huor
Hador
Isildur
Theodred
Helm
Beren
Barliman
Dorlas
Gorlim
Haldar
Ulfang
Bór
Malach
Amandil
Forlong
Imrahil
 
Answer Stats
Answer % Correct
Boromir
81%
Aragorn
79%
Theoden
72%
Faramir
70%
Eomer
68%
Denethor
67%
Isildur
63%
Theodred
58%
Gamling
54%
Helm
42%
Beregond
37%
Beren
33%
Imrahil
32%
Turin
32%
Barliman
30%
Erkenbrand
30%
Hador
21%
Forlong
14%
No matching quizzes found
Score Distribution
Percent of People with Each Score
Percentile by Number Answered
Your Score History
You have not taken this quiz